Maariful Quran / (Record no. 35527)

MARC details
000 -LEADER
fixed length control field 00704nam a22001697a 4500
005 - DATE AND TIME OF LATEST TRANSACTION
control field 20240404100755.0
008 - FIXED-LENGTH DATA ELEMENTS--GENERAL INFORMATION
fixed length control field 240404b |||||||| |||| 00| 0 eng d
082 ## - DEWEY DECIMAL CLASSIFICATION NUMBER
Classification number 297
Item number TAQ-M
100 ## - MAIN ENTRY--AUTHOR
Author Name Mufti Muhammad Taqi Usmani
245 ## - TITLE STATEMENT
Title Maariful Quran /
Statement of responsibility, etc. Mufti Muhammad Taqi Usmani .
260 ## - PUBLICATION, DISTRIBUTION, ETC.
Place of Publication Pakistan :
Name of publisher, distributor, etc. Quranic studies publishers ;
Date of publication, distribution, etc. 2022 .
300 ## - PHYSICAL DESCRIPTION
Pages v-1 (789 p.), v-2 (704 p.), v-3 (696 p.), v-4 (768 p,), v-5 (760 p.), v-6 (963 p.), v-7 (951 p.), v-8 (1144 p.) :
500 ## - GENERAL NOTE
General note 1-Set of 8 volumes.<br/>2-v-1 (789 p.), v-2 (704 p.), v-3 (696 p.), v-4 (768 p,), v-5 (760 p.), v-6 (963 p.), v-7 (951 p.), v-8 (1144 p.)
650 ## - SUBJECT ADDED ENTRY--TOPICAL TERM
Subject / Department Literature / Islamic
650 ## - SUBJECT ADDED ENTRY--TOPICAL TERM
Subject / Department Quran
300 ## - PHYSICAL DESCRIPTION
-- 25 cm .
952 ## - LOCATION AND ITEM INFORMATION (KOHA)
-- 0
-- 0
952 ## - LOCATION AND ITEM INFORMATION (KOHA)
-- 0
-- 0
952 ## - LOCATION AND ITEM INFORMATION (KOHA)
-- 0
-- 0
952 ## - LOCATION AND ITEM INFORMATION (KOHA)
-- 0
-- 0
952 ## - LOCATION AND ITEM INFORMATION (KOHA)
-- 0
-- 0
952 ## - LOCATION AND ITEM INFORMATION (KOHA)
-- 0
-- 0
952 ## - LOCATION AND ITEM INFORMATION (KOHA)
-- 0
-- 0
952 ## - LOCATION AND ITEM INFORMATION (KOHA)
-- 0
-- 0
Holdings
Lost status Damaged status Collection code Permanent Location Current Location Shelving Location Date acquired Full Call Number Accession No./Barcode Date last seen item type Koha item type
    Literature/Urdu/eng/Islamic Superior Information Resource Center (SIRC) Superior University- Main Campus Superior Information Resource Center (SIRC) Superior University- Main Campus Literature / Islamic 04/04/2024 297 TAR-M V-1 29225 04/26/2024 BOOK BOOK
    Literature/Urdu/eng/Islamic Superior Information Resource Center (SIRC) Superior University- Main Campus Superior Information Resource Center (SIRC) Superior University- Main Campus Literature / Islamic 04/04/2024 297 TAR-M V-2 29226 04/26/2024 BOOK BOOK
    Literature/Urdu/eng/Islamic Superior Information Resource Center (SIRC) Superior University- Main Campus Superior Information Resource Center (SIRC) Superior University- Main Campus Literature / Islamic 04/04/2024 297 TAR-M V-3 29227 04/26/2024 BOOK BOOK
    Literature/Urdu/eng/Islamic Superior Information Resource Center (SIRC) Superior University- Main Campus Superior Information Resource Center (SIRC) Superior University- Main Campus Literature / Islamic 04/04/2024 297 TAR-M V-4 29228 04/26/2024 BOOK BOOK
    Literature/Urdu/eng/Islamic Superior Information Resource Center (SIRC) Superior University- Main Campus Superior Information Resource Center (SIRC) Superior University- Main Campus Literature / Islamic 04/04/2024 297 TAR-M V-5 29229 04/26/2024 BOOK BOOK
    Literature/Urdu/eng/Islamic Superior Information Resource Center (SIRC) Superior University- Main Campus Superior Information Resource Center (SIRC) Superior University- Main Campus Literature / Islamic 04/04/2024 297 TAR-M V-6 29230 04/26/2024 BOOK BOOK
    Literature/Urdu/eng/Islamic Superior Information Resource Center (SIRC) Superior University- Main Campus Superior Information Resource Center (SIRC) Superior University- Main Campus Literature / Islamic 04/04/2024 297 TAR-M V-7 29231 04/26/2024 BOOK BOOK
    Literature/Urdu/eng/Islamic Superior Information Resource Center (SIRC) Superior University- Main Campus Superior Information Resource Center (SIRC) Superior University- Main Campus Literature / Islamic 04/04/2024 297 TAR-M V-8 29232 04/26/2024 BOOK BOOK

Powered by Koha